000 00298nam a2200121Ia 4500
008 240624s9999 xx 000 0 und d
041 _aeng
082 _a900 AMI
100 _aAMIN SHAHID
245 _aSUBALTERN STUDIES IX
260 _c2007
_aNew Delhi
_bOxford
300 _ax, : 284 : p. : cm. ; 21
999 _c21557
_d21557